Medidas cautelares frente al Estado : continuidades y rupturas /

Guardado en:
Autor Principal: Vallefín, Carlos A.
Formato: Libro
Idioma:Undetermined
Publicado: Buenos Aires : Ad-Hoc, 2013.
Edición:1a. ed.
Materias:
Etiquetas: Agregar Etiqueta
Sin Etiquetas, Sea el primero en etiquetar este registro!
LEADER 00686nam a22001695a 4500
001 DER.der015197
008 250520s2013####ag############000#0#und#d
005 20250520121638.0
245 1 0 |a Medidas cautelares frente al Estado :  |b continuidades y rupturas /  |c Carlos A. Vallefín. 
250 |a 1a. ed. 
260 |a Buenos Aires :  |b Ad-Hoc,  |c 2013. 
300 |a 208 p. 
500 |a Análisis de la Ley 26.854. Requisitos. Caracteres. Trámite. Vigencia temporal. Clases. Suspensivas y positivas. La tutela judicial efectiva. Objeciones constitucionales. 
020 |a 9789508949516 
100 1 |a Vallefín, Carlos A. 
650 7 |a DERECHO PROCESAL CIVIL 
859 |a DERECHO  |b BIB. DERECHO  |h 347.07  |i VAL  |p 0010593